Análisis microeconómico (Registro nro. 4300)

Detalles MARC
000 -LEADER
fixed length control field 01137 a2200217 4500
001 - CONTROL NUMBER
control field 47159
005 - DATE AND TIME OF LATEST TRANSACTION
control field 20260407155740.0
008 - FIXED-LENGTH DATA ELEMENTS--GENERAL INFORMATION
fixed length control field 260407a1986 arg spa d
003 - CONTROL NUMBER IDENTIFIER
control field AR-UNSa-BCEJYS
040 ## - CATALOGING SOURCE
Original cataloging agency AR-UNSa-BCEJYS
Language of cataloging spa
Transcribing agency AR-UNSa-BCEJYS
080 ## - UNIVERSAL DECIMAL CLASSIFICATION NUMBER
Universal Decimal Classification number 330.101.542
Common auxiliary subdivision Microeconomía
020 ## - INTERNATIONAL STANDARD BOOK NUMBER
International Standard Book Number 84-206-8104-0
100 1# - MAIN ENTRY--PERSONAL NAME
Personal name Segura, Julio
245 10 - TITLE STATEMENT
Title Análisis microeconómico
264 #1 - PRODUCTION, PUBLICATION, DISTRIBUTION, MANUFACTURE, AND COPYRIGHT NOTICE
Place of production, publication, distribution, manufacture Madrid :
Name of producer, publisher, distributor, manufacturer Alianza Editorial
Date of production, publication, distribution, manufacture, or copyright notice 1986
300 ## - PHYSICAL DESCRIPTION
Extent 555 p.
Dimensions 23 cm.
505 ## - FORMATTED CONTENTS NOTE
Formatted contents note 1. Introducción - 2. Teoría de la elección del consumidor individual y de la demanda - 3. Temas de teoría de la demanda y consumo - 4. Teoría de la producción, costes y oferta - 5. Temas de teoría de la producción - 6. Equilibrio general competitivo - 7. Temas de equilibrio general - 8. Fallos de mercado - 9. Competencia perfecta, monopolio y competencia imperfecta - 10. Temas de teoría de los precios y mercados - 11. Introducción a la teoría de la elección social -
590 ## - LOCAL NOTE (RLIN)
Local note niveau_biblio:m niveau_hierar:0
856 41 - ELECTRONIC LOCATION AND ACCESS
Uniform Resource Identifier <a href="https://www.biblioeco.unsa.edu.ar/pmb/images/libros/L127407.jpg">https://www.biblioeco.unsa.edu.ar/pmb/images/libros/L127407.jpg</a>
Link text Imagen de portada
Electronic format type image/jpeg
942 ## - ADDED ENTRY ELEMENTS (KOHA)
Koha item type
Existencias
Withdrawn status Lost status Damaged status Not for loan Home library Current library Shelving location Date acquired Total checkouts Full call number Barcode Date last seen Price effective from Koha item type
        Biblioteca Prof. Eusebio Cleto del Rey Biblioteca Prof. Eusebio Cleto del Rey   07/04/2026   330.101.542 S456 L127407 07/04/2026 07/04/2026 Libro